Electronic spreadsheet applications : for cost accounting
Αποθηκεύτηκε σε:
| Κύριος συγγραφέας: | |
|---|---|
| Μορφή: | Βιβλίο |
| Γλώσσα: | English |
| Δημοσίευση: |
Cincinnati, Ohio :
College division,
1993
|
| Έκδοση: | 3rd ed. |
| Θέματα: | |
| Ετικέτες: |
Προσθήκη ετικέτας
Δεν υπάρχουν, Καταχωρήστε ετικέτα πρώτοι!
|
MARC
| LEADER | 00000nam a2200000 i 4500 | ||
|---|---|---|---|
| 001 | 1/24517 | ||
| 008 | 960718s1993 eng d | ||
| 020 | |a 0538820144 | ||
| 035 | |l 10022306 | ||
| 040 | |a GR-MY-UA |b gre |e aacr | ||
| 041 | 0 | |a eng | |
| 082 | 0 | |a 657.4202855369 | |
| 100 | 1 | |a Smith, Gaylord N. | |
| 245 | 1 | 0 | |a Electronic spreadsheet applications : |b for cost accounting / |c Gaylord N.Smith |
| 250 | |a 3rd ed. | ||
| 260 | |a Cincinnati, Ohio : |b College division, |c 1993 | ||
| 300 | |a 214 p. |e 1 disk 3,5" | ||
| 500 | |a Includes index | ||
| 630 | 0 | 0 | |a Lotus 1-2-3 (Computer file) |
| 650 | 0 | 0 | |a Cost accounting |x Computer programs. |
| 650 | 0 | 0 | |a Electronic spreadsheets. |
| 852 | |a INST |b CHIOS |e 19960718 |h 657.4202855369 SMI |p 005200003671 |q 005200003671 |t BK |y 0 | ||
| 852 | |a INST |b CHIOS |e 19981103 |h 657.4202855369 SMI |p 005200015382 |q 005200015382 |t BK |y 0 | ||
| 909 | |a Χ |b 037576 | ||
| 909 | |a X |b 055000 | ||